<?xml version="1.0" encoding="UTF-8"?>
<marc:record xmlns:marc="http://www.loc.gov/MARC21/slim">
   <marc:leader>00000nam a2200000 a 4500</marc:leader>
   <marc:datafield ind1="1" ind2=" " tag="100">
      <marc:subfield code="a">Raab, Thomas</marc:subfield>
      <marc:subfield code="4">aut</marc:subfield>
      <marc:subfield code="e">Verfasser/-in</marc:subfield>
   </marc:datafield>
   <marc:datafield ind1="0" ind2="0" tag="245">
      <marc:subfield code="a">Walter muss weg</marc:subfield>
   </marc:datafield>
   <marc:datafield ind1="0" ind2="0" tag="245">
      <marc:subfield code="b">Frau Huber ermittelt</marc:subfield>
   </marc:datafield>
   <marc:datafield ind1="0" ind2="0" tag="245">
      <marc:subfield code="c">Thomas Raab</marc:subfield>
   </marc:datafield>
   <marc:datafield ind1=" " ind2="1" tag="264">
      <marc:subfield code="a">Köln</marc:subfield>
      <marc:subfield code="b">Kipeenheuer &amp; Witsch</marc:subfield>
      <marc:subfield code="c">2018</marc:subfield>
   </marc:datafield>
   <marc:datafield ind1=" " ind2=" " tag="250">
      <marc:subfield code="a">1</marc:subfield>
   </marc:datafield>
   <marc:datafield ind1="1" ind2=" " tag="520">
      <marc:subfield code="a">Eine abgelegene Postkartenidylle: sanfte Hügel, dichte Wälder, anständige Bürger, Frischluft sowieso. Hannelore Huber aber weiß es besser, schließlich lebt sie am Rande des Dorfes Glaubenthal, und so manches stinkt hier gewaltig zum Himmel. Ganz besonders die Leichen in diversen Kellern. Und eine davon steht im Mittelpunkt von Thomas Raabs neuem Roman: Hannis Ehemann. Unter äußerst mysteriösen Umständen kam er ums Leben. Aber wozu hinterfragen! Hauptsache tot. Die beiden haben zwar beinah das ganze Leben miteinander verbracht, den größten Teil allerdings aneinander vorbei. Und zwar konsequent. Folglich freut sich die alte Huber nun auf ihren wohlverdienten Ruhestand &#x96; doch sie freut sich zu früh. Vor den Augen der versammelten Trauergemeinde fällt der Sarg in die Grube, springt auf und offenbart einen falschen Leichnam. Da stellt sich natürlich nicht nur die Frage, wer diesen Toten auf dem Gewissen hat oder was in Glaubenthal sonst noch alles in den Gräbern herumliegt, sondern vor allem: Wo ist der verstorbene Ehegatte?</marc:subfield>
   </marc:datafield>
   <marc:datafield ind1=" " ind2=" " tag="020">
      <marc:subfield code="a">9783462050950</marc:subfield>
      <marc:subfield code="9">9783462050950</marc:subfield>
   </marc:datafield>
   <marc:datafield ind1=" " ind2=" " tag="020">
      <marc:subfield code="a">3462050958</marc:subfield>
      <marc:subfield code="9">3462050958</marc:subfield>
   </marc:datafield>
   <marc:datafield ind1=" " ind2=" " tag="300">
      <marc:subfield code="a">373 S.</marc:subfield>
   </marc:datafield>
</marc:record>
